| 000 | 01409nam a22003137a 4500 | ||
|---|---|---|---|
| 005 | 20240530110409.0 | ||
| 008 | 150210s2010 ua bo a 000 0 ara d | ||
| 017 |
_a2007/19318 _bمصر . دار الكتب المصرية |
||
| 020 | _a9771411191 | ||
| 040 | _aEG-CaGPL | ||
| 041 | 1 |
_aara _heng |
|
| 082 | 0 | 4 |
_221 _a903 _bط/ن ن |
| 100 | 1 | _aمكجى ، مارنى | |
| 245 | 1 | 0 |
_aتاريخ اليونان القديمة : _bعلم الاثار يكشف اسرار ماضى اليونان / _cتاليف مارنى مكجى ؛ استشارى مايكل شانكس ؛ ترجمة ابراهيم محمد ابراهيم ؛ اشراف عام داليا محمد ابراهيم |
| 250 | _aط2 | ||
| 260 |
_aالقاهرة : _bنهضة مصر للطباعة و النشر و التوزيع ، _c2010 |
||
| 300 |
_a62 ص : _bايض ؛ _c24 سم |
||
| 490 | _aناشيونال جيوجرافيك يبحث فى | ||
| 650 | 0 | 4 | _aالفن اليونانى |
| 650 | 0 | 4 | _aالانثروبولوجيا |
| 650 | 0 | 4 | _aالاثار اليونانية |
| 650 | 0 | 4 | _aالحضارة الاغريقية |
| 650 | 0 | 4 |
_aاليونان القديمة _xتاريخ |
| 700 | 1 |
_aشانكس ، مايكل _eاستشارى |
|
| 700 | 0 |
_aابراهيم محمد ابراهيم _eمترجم |
|
| 700 | 0 |
_aداليا محمد ابراهيم _eاشراف |
|
| 942 |
_2ddc _cBK |
||
| 999 |
_c60426 _d60426 |
||